| 000 | 01327nam a2200337Ia 4500 | ||
|---|---|---|---|
| 001 | Z_6605 | ||
| 003 | CHAP | ||
| 005 | 20230925185737.0 | ||
| 008 | 220113s2013 xx 000 0 und d | ||
| 010 | _a169876 | ||
| 040 | _cCHAP | ||
| 090 | _aTesis R65 2344 | ||
| 100 |
_aRojas González, Yunuen Socorro _9126774 |
||
| 245 |
_aProducción calidad de semillas y aplicación de inoculantes comerciales de rhizobium y mycorrhiza en quiebramachete (Mimosa leucaenoides Benth.) / _cYunuen Socorro Rojas González |
||
| 260 |
_aMéxico : _bEl autor, _c2013 |
||
| 300 | _aCD | ||
| 502 | _aTesis (Ingeniero Agrónomo Especialista en Zootecnia) -- UACh, 2013 \ Dirección: Jorge Luis Castrellón Montelongo; asesoría: José Luis Zaragoza Ramírez y Pedro Arturo Martínez Hernández | ||
| 650 |
_aGerminación _947755 |
||
| 650 |
_aInoculación _9145339 |
||
| 650 |
_aMimosa leucaenoides _9145340 |
||
| 650 |
_aProducción de semilla _9145341 |
||
| 700 |
_a Martínez Hernández, Pedro Arturo, asesor. _9137925 |
||
| 700 |
_a Zaragoza Ramírez, José Luis, asesor _9143249 |
||
| 700 |
_aCastrellón Montelongo, Jorge Luis, director _9143205 |
||
| 856 | 4 | 2 |
_uhttp://10.13.5.2/tesis/sist109546.pdf _yDescargar PDF |
| 901 | _aTESIS R65 2344 | ||
| 902 | _aM | ||
| 910 | _a2013 | ||
| 942 |
_c2 _2ddc |
||
| 942 |
_c2 _2ddc |
||
| 999 |
_c169876 _d169876 |
||